[Event "18th Izmir Open 2019"]
[Site "Izmir"]
[Date "2019.09.05"]
[Round "6.9"]
[White "Mohannad, Farhan"]
[Black "Aydinalp, Suhel"]
[Result "1-0"]
[WhiteElo "2094"]
[BlackElo "1709"]
[Annotator "NA"]
[PlyCount "121"]
[EventDate "2019.09.02"]
[EventType "swiss"]
[EventCountry "TUR"]
[SourceTitle "playchess.com"]
[Source "ChessBase"]
[SourceQuality "1"]
[TimeControl "5400+30"]

1. d4 {[%emt 0:00:30]} Nf6 {[%emt 0:00:30]} 2. c4 {[%emt 0:00:00]} g6 {[%emt 0:00:30]} 3. Nc3 {[%emt 0:00:00]} Bg7 {[%emt 0:00:30]} 4. e4 {[%emt 0:00:00]} d6 {[%emt 0:00:00]} 5. Nf3 {[%emt 0:00:00]} O-O {[%emt 0:00:00]} 6. Be2 {[%emt 0:00:00]} e5 {[%emt 0:00:00]} 7. d5 {[%emt 0:00:00]} a5 {[%emt 0:05:00]} 8. O-O {[%emt 0:00:30]} b6 {[%emt 0:05:30]} 9. Bg5 {[%emt 0:00:00]} h6 {[%emt 0:01:30]} 10. Bh4 {[%emt 0:00:00]} g5 {[%emt 0:04:30]} 11. Bg3 {[%emt 0:00:30]} Nh5 $14 {[%emt 0:00:30]} 12. Nd2 {[%emt 0:00:00]} Nf4 {[%emt 0:01:30]} 13. Bg4 {[%emt 0:00:00]} Nd7 {[%emt 0:03:30]} 14. a3 {[%emt 0:06:30]} Nc5 {[%emt 0:13:30]} 15. Bxc8 {[%emt 0:00:00]} Qxc8 {[%emt 0:01:30]} 16. b4 {[%emt 0:00:00]} Ncd3 {[%emt 0:10:30]} 17. Qb3 {[%emt 0:00:30]} h5 {[%emt 0:01:30]} 18. f3 {[%emt 0:04:30]} h4 {[%emt 0:00:30]} 19. Bf2 {[%emt 0:00:00]} Nxf2 {[%emt 0:09:30]} 20. Rxf2 {[%emt 0:00:00]} g4 {[%emt 0:00:30]} 21. Rff1 {[%emt 0:28:30]} g3 {[%emt 0:01:30]} 22. Rfd1 {[%emt 0:13:30]} axb4 {[%emt 0:01:30]} 23. axb4 {[%emt 0:00:30]} Rxa1 {[%emt 0:00:30]} 24. Rxa1 {[%emt 0:00:30]} gxh2+ {[%emt 0:02:30]} 25. Kxh2 {[%emt 0:00:30]} Qd8 {[%emt 0:00:30]} 26. Nf1 {[%emt 0:01:30]} Qg5 {[%emt 0:02:30]} 27. Qc2 {[%emt 0:00:30]} Bh6 {[%emt 0:00:30]} 28. Nd1 {[%emt 0:01:30]} Nh5 {[%emt 0:00:30]} 29. Nde3 {[%emt 0:06:30]} Kh8 {[%emt 0:09:30]} 30. Ng4 {[%emt 0:02:30]} Rg8 {[%emt 0:01:30]} 31. Nfe3 {[%emt 0:07:30]} Qf4+ {[%emt 0:01:30]} 32. Kg1 {[%emt 0:00:00]} h3 {[%emt 0:07:32]} 33. Nf5 {[%emt 0:01:00]} Bg5 {[%emt 0:04:25]} 34. Qf2 {[%emt 0:02:30]} Ng7 {[%emt 0:05:03]} 35. g3 {[%emt 0:04:30]} Qd2 {[%emt 0:00:47]} 36. Qxd2 {[%emt 0:00:00]} Bxd2 {[%emt 0:00:02]} 37. Nxg7 {[%emt 0:03:00]} Kxg7 {[%emt 0:00:01]} 38. b5 {[%emt 0:00:30]} Ba5 {[%emt 0:00:12]} 39. Kh2 {[%emt 0:00:30]} Kg6 {[%emt 0:02:25]} 40. Ne3 {[%emt 0:01:54]} Rh8 {[%emt 0:00:06]} 41. Nf5 {[%emt 0:00:08]} Kg5 {[%emt 0:00:15]} 42. Nh4 {[%emt 0:00:48]} Rxh4 {[%emt 0:04:04]} 43. gxh4+ {[%emt 0:00:10]} Kxh4 {[%emt 0:00:03]} 44. Rg1 {[%emt 0:00:30]} Bd2 {[%emt 0:00:17]} 45. Rg4+ {[%emt 0:00:30]} Kh5 {[%emt 0:00:11]} 46. Kxh3 {[%emt 0:00:30]} Bg5 {[%emt 0:00:17]} 47. Rg2 {[%emt 0:00:00]} f6 {[%emt 0:00:17]} 48. Ra2 {[%emt 0:00:00]} Kg6 {[%emt 0:01:23]} 49. Kg4 {[%emt 0:00:30]} Be3 {[%emt 0:00:06]} 50. Ra7 {[%emt 0:00:30]} Bd2 {[%emt 0:00:32]} 51. Rxc7 {[%emt 0:00:00]} Be3 {[%emt 0:00:02]} 52. Rd7 {[%emt 0:01:00]} Bc5 {[%emt 0:00:07]} 53. Rd8 {[%emt 0:00:30]} Bb4 {[%emt 0:00:06]} 54. Rg8+ {[%emt 0:01:30]} Kf7 {[%emt 0:00:04]} 55. Rb8 {[%emt 0:00:00]} Bc5 {[%emt 0:00:07]} 56. Kf5 {[%emt 0:00:00]} Be3 {[%emt 0:00:34]} 57. Rb7+ {[%emt 0:00:00]} Kg8 {[%emt 0:00:02]} 58. Kxf6 {[%emt 0:00:00]} Bc5 {[%emt 0:00:07]} 59. Rd7 {[%emt 0:00:30]} Bb4 {[%emt 0:00:06]} 60. Rg7+ {[%emt 0:00:30]} Kf8 {[%emt 0:00:08]} 61. Rb7 {[%emt 0:00:30]} 1-0

[Event "18th Izmir Open 2019"]
[Site "Izmir"]
[Date "2019.09.06"]
[Round "7.1"]
[White "Kamer, Kayra"]
[Black "Guseynov, Alihan"]
[Result "1-0"]
[WhiteElo "2304"]
[BlackElo "2326"]
[Annotator "NA"]
[PlyCount "167"]
[EventDate "2019.09.02"]
[EventType "swiss"]
[EventCountry "TUR"]
[SourceTitle "playchess.com"]
[Source "ChessBase"]
[SourceQuality "1"]
[TimeControl "5400+30"]

1. e4 {[%emt 0:00:30]} c5 {[%emt 0:02:30]} 2. Nf3 {[%emt 0:00:00]} Nc6 {[%emt 0:00:30]} 3. d4 {[%emt 0:00:00]} cxd4 {[%emt 0:00:30]} 4. Nxd4 {[%emt 0:00:30]} e5 {[%emt 0:01:30]} 5. Nb5 {[%emt 0:00:30]} d6 {[%emt 0:01:30]} 6. N1c3 {[%emt 0:04:30]} a6 {[%emt 0:00:00]} 7. Na3 {[%emt 0:00:30]} Be7 {[%emt 0:00:00]} 8. Be3 {[%emt 0:02:30] B32: Sicilian: Löwenthal and Kalashnikov Variations} (8. Nc4 b5 9. Ne3 Nf6 10. g3 O-O 11. Bg2 b4 12. Ncd5 Nxd5 13. Nxd5 Bg5 14. Bxg5 Qxg5 15. a3 bxa3 16. Rxa3 {½-½ (42) Robson,R (2667)-Moranda,W (2595) chess.com INT 2019}) 8... Nf6 {[%emt 0:03:30]} 9. Nc4 {[%emt 0:01:30]} b5 {[%emt 0:03:30]} 10. Nb6 {[%emt 0:01:30]} Rb8 {[%emt 0:00:30]} 11. Nxc8 {[%emt 0:00:30]} Qxc8 {[%emt 0:03:30]} 12. a4 {[%emt 0:05:30]} O-O {[%emt 0:10:30]} 13. axb5 {[%emt 0:04:30]} axb5 {[%emt 0:00:30]} 14. f3 $146 {[%emt 0:06:30]} ({Predecessor:} 14. Be2 Nb4 15. O-O d5 16. Nxd5 Nfxd5 17. exd5 {1-0 (36) Hacker,J (2357)-Gohil,H (2290) Germany 2016}) 14... b4 {[%emt 0:12:30]} 15. Nd5 {[%emt 0:02:30]} Nxd5 {[%emt 0:01:30]} 16. Qxd5 {[%emt 0:00:30]} Ra8 {[%emt 0:04:30]} 17. Rxa8 {[%emt 0:04:30]} Qxa8 {[%emt 0:00:00]} 18. Kf2 {[%emt 0:00:30]} Nd4 {[%emt 0:07:00]} 19. Qxa8 {[%emt 0:00:30]} Rxa8 {[%emt 0:00:30]} 20. Bd3 {[%emt 0:05:30]} Bd8 {[%emt 0:07:30]} 21. Rb1 {[%emt 0:03:30]} Kf8 {[%emt 0:04:30]} 22. Ke1 {[%emt 0:08:30]} Bb6 {[%emt 0:02:30]} 23. Kd1 {[%emt 0:02:30]} Bc5 {[%emt 0:03:30]} 24. Bc4 {[%emt 0:00:30]} Ne6 {[%emt 0:07:30]} 25. Bd2 {[%emt 0:03:30]} Ke7 {[%emt 0:04:38]} 26. c3 {[%emt 0:00:30]} Rb8 {[%emt 0:01:04]} 27. Ra1 {[%emt 0:01:30]} bxc3 {[%emt 0:00:23]} 28. bxc3 {[%emt 0:00:00]} Bg1 {[%emt 0:01:50]} 29. Kc2 {[%emt 0:02:00]} Bc5 {[%emt 0:04:24]} 30. g3 {[%emt 0:00:30]} f6 {[%emt 0:02:03]} 31. f4 {[%emt 0:01:30]} Bb6 {[%emt 0:02:01]} 32. Rf1 {[%emt 0:02:30]} Bc5 {[%emt 0:02:08]} 33. Bd5 {[%emt 0:01:30]} Ba3 {[%emt 0:01:01]} 34. Ra1 {[%emt 0:00:30]} Bc5 {[%emt 0:00:22]} 35. Bc1 {[%emt 0:04:30]} Nc7 {[%emt 0:01:39]} 36. Bc4 {[%emt 0:00:00]} Ne6 {[%emt 0:00:15]} 37. Ra4 {[%emt 0:03:00]} Bb6 {[%emt 0:02:00]} 38. Bd5 {[%emt 0:01:30]} Nc7 {[%emt 0:01:15]} 39. Ba3 {[%emt 0:03:30]} Nxd5 {[%emt 0:01:38]} 40. exd5 {[%emt 0:00:00]} Rb7 {[%emt 0:01:09]} 41. Ra6 {[%emt 0:01:00]} exf4 {[%emt 0:00:45]} 42. gxf4 {[%emt 0:00:30]} f5 {[%emt 0:00:56]} 43. Kd3 {[%emt 0:01:30]} Kd7 {[%emt 0:01:11]} 44. Bb4 {[%emt 0:00:30]} Bc7 {[%emt 0:00:37]} 45. Ra8 {[%emt 0:01:30]} Bb8 {[%emt 0:00:34]} 46. Kc4 {[%emt 0:01:30]} g6 {[%emt 0:00:26] [#]} (46... Ke7 $11 {keeps the balance.}) 47. Kb3 {[%emt 0:01:30]} ({White should try} 47. h4 $1 $16) 47... Ke7 {[%emt 0:00:34]} 48. c4 {[%emt 0:01:30]} Kd7 {[%emt 0:00:14]} 49. Kc3 {[%emt 0:02:38]} Ke7 {[%emt 0:00:24]} 50. h3 {[%emt 0:01:25]} Kd7 {[%emt 0:00:07]} 51. h4 {[%emt 0:00:14]} Ke7 {[%emt 0:00:30]} 52. Ra2 {[%emt 0:00:18]} Ra7 {[%emt 0:01:02]} 53. Re2+ {[%emt 0:00:06]} Kf7 {[%emt 0:00:45]} 54. Re6 {[%emt 0:01:06]} Rd7 $1 {[%emt 0:00:08]} 55. h5 {[%emt 0:00:27]} Bc7 {[%emt 0:00:51]} 56. Kd3 {[%emt 0:00:43]} Rd8 {[%emt 0:00:34]} 57. Ba3 {[%emt 0:02:28]} (57. Bc3 $16) 57... Bb8 {[%emt 0:00:17]} 58. Kc2 {[%emt 0:01:49]} Bc7 $16 {[%emt 0:00:18]} 59. Bb4 {[%emt 0:00:05]} Rd7 {[%emt 0:00:53]} 60. Kb3 {[%emt 0:01:14]} Rd8 {[%emt 0:00:10]} 61. Bc3 {[%emt 0:01:06]} Rb8+ {[%emt 0:00:37]} 62. Ka4 {[%emt 0:00:31]} Ra8+ {[%emt 0:00:22]} 63. Kb5 {[%emt 0:01:03]} Ra3 {[%emt 0:00:23]} 64. hxg6+ {[%emt 0:01:38]} hxg6 {[%emt 0:00:32]} 65. Bf6 {[%emt 0:00:30]} Ra5+ {[%emt 0:00:30]} 66. Kc6 {[%emt 0:00:30]} Rc5+ {[%emt 0:00:30]} 67. Kd7 {[%emt 0:00:30]} Rxc4 {[%emt 0:00:30]} 68. Bg5 {[%emt 0:00:30]} Ba5 {[%emt 0:00:30]} 69. Re7+ {[%emt 0:05:12]} Kg8 {[%emt 0:00:43]} 70. Re8+ {[%emt 0:00:05]} Kf7 {[%emt 0:00:03]} 71. Ra8 {[%emt 0:00:05]} Bc3 {[%emt 0:01:10]} 72. Kxd6 {[%emt 0:00:21]} Bd2 {[%emt 0:00:28]} 73. Ra7+ {[%emt 0:00:32]} Ke8 {[%emt 0:00:32]} 74. Re7+ {[%emt 0:00:49]} Kf8 {[%emt 0:00:02]} 75. Bh6+ {[%emt 0:00:38]} Kg8 {[%emt 0:00:01]} 76. Rg7+ {[%emt 0:01:14]} Kh8 {[%emt 0:00:00]} 77. Rxg6 {[%emt 0:00:00]} Kh7 {[%emt 0:00:24]} 78. Re6 {[%emt 0:00:24]} Bb4+ {[%emt 0:01:54]} 79. Kd7 {[%emt 0:00:54]} Rd4 {[%emt 0:00:37]} 80. Kc6 {[%emt 0:00:08]} Ba3 {[%emt 0:00:32]} 81. Bg5 {[%emt 0:00:25]} Rc4+ {[%emt 0:00:32]} 82. Kd7 {[%emt 0:00:10]} Kg7 {[%emt 0:00:21]} 83. Bf6+ {[%emt 0:00:17]} Kf7 {[%emt 0:00:07]} 84. Be5 {[%emt 0:00:05]} 1-0

[Event "18th Izmir Open 2019"]
[Site "Izmir"]
[Date "2019.09.06"]
[Round "7.2"]
[White "Yilmazyerli, Mert"]
[Black "Kayan, Veli"]
[Result "1-0"]
[WhiteElo "2417"]
[BlackElo "1928"]
[Annotator "TA"]
[PlyCount "61"]
[EventDate "2019.09.02"]
[EventType "swiss"]
[EventCountry "TUR"]
[SourceTitle "playchess.com"]
[Source "ChessBase"]
[SourceQuality "1"]

{[%evp 10,61,23,19,19,19,43,22,32,23,37,41,37,42,31,25,77,25,27,25,46,46,20,3,0,-38,-39,-41,0,0,143,183,196,175,182,127,124,136,197,183,354,354,870,865,851,830,1871,1678,2996,2773,2023,1931,29994,29995]} 1. Nf3 Nf6 2. g3 b5 {[%cal Bb7b5,Bb5b4][%mdl 32]} 3. Bg2 ({Predecessor:} 3. Na3 a6 4. c4 b4 5. Nc2 a5 6. Bg2 Bb7 7. O-O e6 8. d4 Be7 9. d5 {½-½ (25) Opitz,P (2173)-Canibal,J (2332) ICCF email 2010}) 3... Bb7 4. Na3 a6 5. c4 b4 6. Nc2 e6 {A05: Réti Opening: 1 Nf3 Nf6} 7. d4 Be7 8. O-O O-O $146 {The position is equal.} (8... Be4 9. a3 bxa3 10. b3 O-O 11. Bxa3 d6 12. Ne3 c6 13. Qd2 Nbd7 14. Nd1 Qb6 15. Nc3 Qxb3 16. Ne5 dxe5 17. Bxe7 exd4 18. Nxe4 Nxe4 19. Bxe4 Rfe8 20. Bxc6 Ra7 21. Qxd4 {1-0 (21) Nakamura,H (2793)-Oparin,G (2604) Zuerich 2017}) 9. d5 a5 {[%cal Re6d5]} 10. Nfd4 {Black must now prevent d6!} exd5 11. Nf5 Re8 12. cxd5 d6 (12... Bc5 $11 {remains equal.}) 13. e4 (13. a3 $16) 13... Bf8 $11 14. Re1 c6 15. dxc6 Nxc6 16. Bf4 {[%cal Rf5d6]} Ne5 17. Ncd4 Qb6 18. Rc1 Ba6 19. Bg5 d5 (19... Nfd7 $11) 20. exd5 $16 Nd3 21. Rxe8 Rxe8 22. Rc6 (22. Bxf6 $18 Nxc1 23. Nh6+ Kh8 24. Nxf7+ Kg8 25. Nh6+ gxh6 26. Qg4+ Kf7 27. Qh5+ Kg8 28. Qg4+ Kf7 29. Qh5+ Kg8 30. Qg4+) 22... Qb7 {[#] aiming for ...Re1+.} 23. Be3 $36 {[%mdl 2048] Threatens to win with Rxf6! White is really pushing.} Nxb2 (23... Ne5 $16) 24. Qb3 Nd3 $2 (24... Nc4 25. Rxc4 a4) 25. d6 $18 {And now Rc7 would win.} Ne4 $2 (25... Ne5 26. Rc7 {[%mdl 64] Discovered Attack} Qb8) 26. Rc7 Qxc7 27. dxc7 g6 28. Bxe4 Rxe4 {[#]} 29. Qxd3 $1 {[%mdl 576] Deflection, Promotion} Bxd3 30. c8=Q {White wants to mate with Bh6.} gxf5 31. Bh6 {Accuracy: White = 68%, Black = 37%.} 1-0

[Event "18th Izmir Open 2019"]
[Site "Izmir"]
[Date "2019.09.06"]
[Round "7.3"]
[White "Demirbag, Alihan"]
[Black "Soysal, Serkan"]
[Result "1-0"]
[WhiteElo "2121"]
[BlackElo "2401"]
[Annotator "TA"]
[PlyCount "105"]
[EventDate "2019.09.02"]
[EventType "swiss"]
[EventCountry "TUR"]
[SourceTitle "playchess.com"]
[Source "ChessBase"]
[SourceQuality "1"]

{[%evp 10,105,-34,-32,-27,-29,-22,-27,-16,-23,6,0,5,0,-8,-18,0,0,0,-29,-26,-38,0,-86,-97,-75,-4,-3,-7,0,23,17,11,-2,13,0,0,0,0,-6,0,0,-8,-8,0,0,0,-7,0,0,0,0,0,0,0,-15,-17,-52,-47,-54,-64,-54,-23,-16,-18,-97,-45,-20,0,0,0,0,0,0,0,0,0,0,0,0,8,8,8,8,8,8,8,8,35,35,12357,5073,29965,29947,29977,29979,29980,29975]} 1. Nf3 c5 2. b3 d5 3. Bb2 f6 4. e3 e5 5. d4 cxd4 6. exd4 e4 $1 {[%cal Re4f3] A06: Réti Opening:1 Nf3 d5} 7. Nfd2 f5 8. c4 Nf6 {Black has an edge.} 9. Nc3 Be6 10. cxd5 (10. c5 Nc6 11. Na4 f4 12. Qe2 Be7 13. g3 O-O 14. gxf4 {0-1 (49) Sochacki,C (2471)-Zubov,A (2623) Paris 2017}) 10... Nxd5 11. Bb5+ Nc6 12. O-O Bb4 13. Nxd5 Bxd5 14. Nc4 O-O $146 15. Ne3 Kh8 (15... a6 $5 {[%cal Ra6b5]} 16. Bc4 Bxc4 17. bxc4 f4 $14) 16. f3 (16. Bc4 $11 Ne7 17. Rc1) 16... exf3 $1 $17 17. Nxd5 {[#]} Qxd5 (17... fxg2 $1 $17 18. Bxc6 gxf1=N 19. Qxf1 (19. Nxb4 $2 Ne3 $19) 19... Bd2 20. Bxb7 Rb8) 18. Bc4 $11 Qd6 19. Qxf3 Rad8 20. Rad1 a6 21. Qh3 Ne7 22. Kh1 Nd5 23. Qf3 b5 24. Bxd5 Qxd5 25. Qxd5 Rxd5 26. Rc1 Re8 27. g3 Kg8 28. Kg2 Kf7 29. Rf2 h5 30. Rc6 a5 31. Rfc2 Bd6 32. Rc8 Re4 33. Rh8 f4 34. Rf2 Kg6 35. gxf4 $1 Bxf4 36. Kf3 Re1 $1 37. Rf8 ({Don't go for} 37. Kxf4 $2 Rf5+ 38. Kg3 Rg1+ 39. Rg2 Rg5+ 40. Kf3 R5xg2 $19) (37. Bc3 $1 $11 {keeps the balance.} Re6 38. Kxf4 Rf5+ 39. Kg3 Re3+ {[%mdl 64] Double Attack} 40. Kg2 Rxf2+ 41. Kxf2 Rxc3 42. d5) 37... Bd6 (37... Rf5 $17 38. Rg2+ Bg5+ 39. Rxf5 Kxf5) 38. Rg2+ Kh7 39. Rf7 Rf1+ 40. Ke4 Rxd4+ $1 41. Bxd4 Rxf7 {[%mdl 4096] Endgame KRB-KRB} 42. Rg5 g6 43. Rxb5 Bxh2 44. Rxa5 h4 45. Ra7 Rxa7 46. Bxa7 {next Kf3 is good for White. KB-KB} Bd6 47. Kf3 {Hoping for a4.} h3 48. Be3 Kg7 (48... g5 $5 49. Bxg5 Kg6 $14) 49. a4 {[%cal Ba2a4,Ba4a5,Ba5a6][%mdl 32] aiming for a5.} h2 $2 {[%mdl 8192]} (49... g5 $14) 50. Kg2 $18 Bc7 {[#]} 51. b4 $1 {White mates.} Bd6 52. a5 Bb8 53. a6 {Accuracy: White = 64%, Black = 38%.} 1-0

[Event "18th Izmir Open 2019"]
[Site "Izmir"]
[Date "2019.09.06"]
[Round "7.4"]
[White "Unat, Can Haktan"]
[Black "Koksal, Ege"]
[Result "0-1"]
[WhiteElo "2100"]
[BlackElo "2375"]
[Annotator "RC"]
[PlyCount "92"]
[EventDate "2019.09.02"]
[EventType "swiss"]
[EventCountry "TUR"]
[SourceTitle "playchess.com"]
[Source "ChessBase"]
[SourceQuality "1"]
[TimeControl "5400+30"]

1. e4 {[%emt 0:00:30]} e6 {[%emt 0:01:30]} 2. Nf3 {[%emt 0:00:30]} d5 {[%emt 0:00:00]} 3. exd5 {[%emt 0:00:00]} exd5 {[%emt 0:00:00]} 4. d4 {[%emt 0:00:00]} Nf6 {[%emt 0:00:00]} 5. Bd3 {[%emt 0:00:30]} c5 {[%emt 0:00:00]} 6. dxc5 {[%emt 0:01:30]} Bxc5 {[%emt 0:00:00]} 7. h3 {[%emt 0:00:30]} O-O {[%emt 0:01:00]} 8. O-O {[%emt 0:00:30]} Nc6 {[%emt 0:00:30]} 9. c3 {[%emt 0:00:30]} Ne4 {[%emt 0:00:30]} 10. Nbd2 {[%emt 0:00:30]} Bf5 {[%emt 0:00:30]} 11. Nb3 {[%emt 0:00:30]} Bb6 {[%emt 0:00:30]} 12. Nbd4 {[%emt 0:00:30]} Bg6 {[%emt 0:12:30]} 13. Be3 {[%emt 0:28:30]} Re8 {[%emt 0:00:30]} 14. Re1 {[%emt 0:01:30]} Qf6 {[%emt 0:13:30]} 15. Nb5 {[%emt 0:07:30]} Ba5 {[%emt 0:01:30]} 16. b4 {[%emt 0:04:30]} a6 {[%emt 0:06:30]} 17. bxa5 {[%emt 0:07:30]} axb5 {[%emt 0:01:30]} 18. Bxe4 {[%emt 0:01:30]} dxe4 {[%emt 0:01:30]} 19. Nd4 {[%emt 0:00:30]} Rxa5 {[%emt 0:00:30]} 20. Qb3 {[%emt 0:01:30]} Ne5 {[%emt 0:09:30]} 21. Qd5 {[%emt 0:12:30]} Qa6 {[%emt 0:06:30]} 22. Nb3 {[%emt 0:05:30]} Ra3 {[%emt 0:02:30]} 23. Reb1 {[%emt 0:05:32]} Qc6 {[%emt 0:01:30]} 24. Qc5 {[%emt 0:06:26]} Nc4 {[%emt 0:02:30]} 25. Nd2 {[%emt 0:04:20]} Nxe3 {[%emt 0:05:30]} 26. Qxa3 {[%emt 0:00:18]} Nc2 {[%emt 0:00:30]} 27. Qa5 {[%emt 0:00:34]} e3 {[%emt 0:01:30]} 28. fxe3 {[%emt 0:00:44]} Nxe3 {[%emt 0:01:30]} 29. Nf3 {[%emt 0:00:06]} Bxb1 {[%emt 0:00:30]} 30. Rxb1 {[%emt 0:00:07]} Nxg2 {[%emt 0:04:30]} 31. Qxb5 {[%emt 0:00:51]} Nf4 {[%emt 0:00:00]} 32. Qxc6 {[%emt 0:00:33]} bxc6 {[%emt 0:00:00]} 33. Kf2 {[%emt 0:02:32]} h6 {[%emt 0:00:00]} 34. Nd4 {[%emt 0:01:54]} Nxh3+ {[%emt 0:02:00]} 35. Kg2 {[%emt 0:00:21]} c5 {[%emt 0:01:30]} 36. Kxh3 {[%emt 0:01:11]} cxd4 {[%emt 0:00:30]} 37. cxd4 {[%emt 0:00:03]} Re3+ {[%emt 0:00:00]} 38. Kg2 {[%emt 0:00:13]} Re2+ {[%emt 0:01:00]} 39. Kf3 {[%emt 0:00:00]} Rxa2 {[%emt 0:00:00]} 40. Rb8+ {[%emt 0:00:10]} Kh7 {[%emt 0:00:00]} 41. d5 {[%emt 0:00:05]} Rd2 {[%emt 0:00:30]} 42. Ke4 {[%emt 0:00:06]} h5 {[%emt 0:00:30]} 43. Ke5 {[%emt 0:00:16]} h4 {[%emt 0:00:30]} 44. Rb4 {[%emt 0:00:08]} g5 {[%emt 0:00:00]} 45. Kf6 {[%emt 0:01:06]} Rxd5 {[%emt 0:01:00]} 46. Rb7 {[%emt 0:00:06]} Kh6 {[%emt 0:00:30]} 0-1

[Event "18th Izmir Open 2019"]
[Site "Izmir"]
[Date "2019.09.06"]
[Round "7.5"]
[White "Inan, Canberk"]
[Black "Isik, Alparslan"]
[Result "0-1"]
[WhiteElo "1912"]
[BlackElo "2200"]
[Annotator "TA"]
[PlyCount "221"]
[EventDate "2019.09.02"]
[EventType "swiss"]
[EventCountry "TUR"]
[SourceTitle "playchess.com"]
[Source "ChessBase"]
[SourceQuality "1"]

{[%evp 16,221,60,0,0,-16,-21,-18,-18,-24,-22,-74,28,27,53,56,52,0,15,0,158,153,179,200,315,0,0,0,0,-114,-111,-120,-120,-112,-123,-131,-122,-127,-105,-110,-109,-127,-120,-121,-119,-123,-108,-113,-95,-117,-112,-137,-144,-142,0,-116,0,-141,-79,-96,-34,-75,-11,-3,0,0,0,-44,-7,-30,75,0,0,0,46,59,259,214,433,239,182,97,377,340,289,0,87,0,0,0,0,0,0,0,0,-10,-11,-405,-8,-205,0,0,8,-12,0,0,0,-380,-380,-12585,-12526,-12458,-12458,-6566,-7005,-2764,-2375,-546,-30,-30,-30,-30,-30,-30,-30,-30,-30,-30,-26,-35,-35,-35,-24,-24,0,-35,-35,-35,0,-28,0,-35,0,-28,-24,-24,0,-28,0,-24,0,-28,-24,-28,-28,-35,-35,-35,-35,-35,-24,-24,0,-35,-35,-35,-28,-28,-28,-28,0,-28,-28,-28,-20,-28,-20,-28,-28,-28,-28,-82,0,-22,0,-22,0,-28,0,-82,-83,-29969,-29971,-29968,-29968,-29970,-29971,-29976,-29978,-29978,-29980,-29978,-29978,-29980,-29980,-29981,-29977,-29979]} 1. d4 Nf6 2. c4 g6 3. Nc3 d5 4. Bf4 Bg7 5. e3 O-O 6. Nf3 c5 7. dxc5 Qa5 8. Rc1 Ne4 9. cxd5 (9. Be5 $1 $14) 9... Nd7 $11 {[%cal Re4c3] D93: Grünfeld: 4 Nf3 Bg7 5 Bf4 0-0 6 e3} 10. Bc4 (10. Qc2 {with more complications.} Nxc3 11. bxc3 Nxc5 12. e4 Bd7 13. Bd2) 10... Nxc3 11. bxc3 Bxc3+ {The position is equal.} 12. Kf1 $146 ({Predecessor:} 12. Ke2 Nxc5 13. Be5 Ne4 14. Qd3 Bxe5 15. Qxe4 {0-1 (32) Brunello,S (2593)-Ganguly,S (2628) Achaia 2013}) 12... Nxc5 13. Nd4 (13. Kg1 $11) 13... Ne4 (13... Qb4 $17 14. Be2 Bd7) 14. Qd3 Qa3 15. Ke2 Bb2 $1 {[%cal Rb2c1]} 16. Qxe4 Bxc1 17. Bh6 Re8 $2 {[#]} (17... Qc3 $11 18. Qc2 Qxc2+ 19. Nxc2 Bb2) 18. d6 $1 $16 {[%mdl 576] Deflection} Qxd6 19. Rxc1 Qxh2 (19... Qf6 $142 20. Bb3 b6) 20. Bxf7+ $2 (20. Qf3 $1 $18 {[%cal Rf3f7]} e6 21. Bb5 Qxh6 22. Bxe8) 20... Kxf7 $11 21. Qd5+ e6 22. Qf3+ (22. Nxe6 $1 $11 Rxe6 23. Qf3+ Rf6 24. Qd5+ Ke8 25. Qg8+ {[%mdl 64] Double Attack} Kd7 26. Qxh7+ Ke6 27. Qg8+ {[%mdl 64] Double Attack} Ke7 28. Qg7+ Ke6 29. Qg8+ {[%mdl 64] Double Attack} Ke7 30. Qg7+ Ke6 31. Qg8+ {[%mdl 64] Double Attack}) 22... Kg8 $17 23. Bf4 Qh5 $1 24. Qxh5 gxh5 25. Be5 Re7 $1 26. Rh1 Bd7 27. Rxh5 Be8 $1 {[%cal Re8h5]} 28. Rh6 Bg6 29. f4 Rc8 30. Kf3 Rc4 31. g4 Ra4 32. Rh2 a6 33. Bd6 Rd7 34. Be5 Re7 35. Bd6 $1 {[%cal Rd6e7]} Rd7 36. Be5 Bb1 ({Black should try} 36... Kf7 $1 37. Rh1 Ke7) 37. Nxe6 Rxa2 (37... Rd1 $1 $17 38. Nc5 Rf1+ 39. Kg3 Ra3 40. Nxb7 Rxe3+ 41. Kh4 h6) 38. Rh1 $15 Bg6 (38... Bc2 $1 $17 {Threatens to win with ...Rd1.} 39. Nd4 Re7) 39. f5 $132 {[%mdl 2048] White has counterplay} Bf7 40. Rc1 {Strongly threatening Rc8+.} Re7 41. Bd6 (41. Bf6 $5 {[%cal Rf6e7]} Re8 42. Ng5 $11) 41... Re8 (41... Rxe6 $5 42. fxe6 Bxe6 $15) 42. Ng5 $1 Rd8 (42... Bd5+ $11 43. e4 h6 44. exd5 hxg5) 43. Nxf7 (43. Be7 $1 $16 {[%cal Re7d8]} Re8 44. Rc7) 43... Kxf7 $16 {[%mdl 4096] Endgame KRR-KRB} 44. Rc7+ {[%mdl 64] Double Attack} Kg8 (44... Ke8 $5 {[%cal Rd8d6]} 45. Re7+ Kf8 46. Rd7+ Ke8 47. Re7+ Kf8 48. Rd7+ Ke8 49. Re7+ $11) 45. Be5 Rdd2 $2 (45... Ra5 $1 $14 46. Kf4 Rdd5) 46. Rxb7 Rg2 $2 (46... Rd1 47. Rg7+ Kf8) 47. Kf4 (47. Rg7+ $142 Kf8 48. f6) 47... h6 {[#]} 48. Bd4 ({Better is} 48. Rg7+ $1 $18 Kh8 49. f6 Rgf2+ 50. Kg3) 48... Raf2+ $2 {[%mdl 8192]} (48... a5 $16 {was worth a try.}) 49. Ke5 $18 {White wants to mate with Ke6.} Rxg4 {[#]} 50. Kf6 $2 ({White has to play} 50. Ke6 $1 $18 {Intending Rb8+ and mate.} Re4+ 51. Be5 Rxe5+ 52. Kxe5) 50... h5 (50... Re4 $11 {keeps the balance.}) 51. Rb8+ (51. Ke6 $16 {Rb8+ would kill now.} Rxd4 52. exd4) 51... Kh7 $11 52. Ke6 {[%csl Gd4][%cal Rb8h8]} Rg8 53. Rb7+ Kh6 {...h4 is the strong threat.} 54. e4 {aiming for Be3+.} Rf3 55. e5 h4 56. Bb2 $2 {[%mdl 8192]} (56. Bc5 $1 $11) 56... Rf1 $2 (56... h3 $19 57. Bc1+ Kh5 58. Rh7+ Kg4) 57. f6 $2 (57. Ba3 $1 $11) 57... Rg2 $2 ({Stronger than} 57... h3 58. Rb3 $11) ({Black should play} 57... Rh8 $19 58. Rg7 Kh5) 58. Ba3 h3 59. Bf8+ Kh5 60. Rh7+ Kg4 61. Kf7 $2 {[%mdl 8192]} (61. f7 $11 {and White stays safe.}) 61... h2 $19 62. e6 $2 (62. Ke6 Kf4 63. f7) 62... h1=Q 63. Rxh1 Rxh1 64. e7 Re2 65. e8=Q Rxe8 66. Kxe8 {KR-KB} Rh8 $2 (66... Kf5 $19 67. Be7 Rh8+ 68. Kd7 Kg6) 67. Ke7 $1 $11 Kf5 68. Bg7 Ra8 69. f7 Ra7+ 70. Ke8 Ke6 {[%cal Ra7a8]} 71. f8=N+ Kd5 72. Nd7 a5 {[%mdl 1024] Black has compensation.} 73. Bf8 Ra8+ 74. Kf7 Ra7 75. Ke8 Kc6 76. Ne5+ Kd5 {Hoping for ...Ra8+.} 77. Nd7 Kc6 78. Ne5+ Kd5 {And now ...Ra8+ would win.} 79. Nd7 Ke6 {( -> ...Ra8+)} 80. Nc5+ Kd5 {White must now prevent ...Ra8+.} 81. Nd7 Ra8+ 82. Kf7 Ra7 83. Ke8 Ra6 84. Ba3 a4 85. Nc5 Ra5 86. Nd7 Rb5 87. Nf6+ $1 Ke6 {[%cal Rb5b8]} 88. Nd7 Kd5 89. Nf6+ $1 Kc4 90. Kd7 Kb3 91. Bf8 $1 Rb8 92. Bc5 Rb5 93. Bf8 Rb7+ 94. Ke6 Rb8 95. Bc5 Rb5 96. Bf8 Rb6+ 97. Ke5 Rb8 98. Bd6 (98. Be7 $1 $11 {remains equal.}) 98... Rb6 (98... Rb5+ $17 99. Kd4 Rb6) 99. Bf8 Rb5+ 100. Ke6 Rb6+ 101. Ke5 Rb8 (101... Kc4 $11) 102. Bd6 $17 Rb5+ 103. Ke4 $2 {[%mdl 8192] [#]} (103. Kd4 $17) 103... Rb6 $1 {[%mdl 512] Black mates.} 104. Be5 Re6 105. Nd7 Kc2 106. Nc5 {[#]} Rxe5+ $1 {[%mdl 512]} 107. Kxe5 a3 {[%cal Ba4a3,Ba3a2][%mdl 32]} 108. Na6 Kc3 109. Nc5 a2 110. Ne4+ Kc2 111. Kd4 {Accuracy: White = 48%, Black = 38%.} 0-1